Wszystkie sosy do hot-dogów w Żabce - Statystyki

Ogólne statystyki
  • Ten quiz został rozwiązany 908 razy
    901 od ostatniego zresetowania
  • Średni wynik to 9 z 21
Statystyki odpowiedzi
Odpowiedź % Poprawnych
Ketchup
97%
Musztardowy
87%
1000 wysp
85%
Czosnkowy
80%
Amerykański
64%
Arabski
51%
Majonezowy
51%
Serowy
51%
BBQ
50%
Duński (Romualda)
46%
Jalapeño
40%
Algierski
35%
Meksykański
35%
Firecracker
33%
Sriracha (Tajski)
18%
Andaluzyjski
10%
Bazyliowy
9%
Chrzanowy
8%
Curry
8%
Brazylijski
3%
Kremowy z pieprzem
2%
Nie znaleziono quizów pasujących do podanych kryteriów
Rozkład punktacji
Procent ludzi z każdym wynikiem
Percentyl według liczby udzielonych odpowiedzi
Twoja historia wyników
Nie rozwiązałeś tego quizu od ostatniego zresetowania